Tilastot visalle Grönlanti... vai Islanti?

Klikkaa tästä pelataksesi tätä visaa!

Yleistilastot

  • Tätä visaa on pelattu 760 kertaa
  • Keskiarvotulos 12 / 15

Vastaustilastot

KysymysVastaus% Oikein
On pinta-alaltaan suurempiGrönlanti
99%
On osa Tanskan kuningaskuntaaGrönlanti
97%
On väkirikkaampiIslanti
96%
Siellä ei ole teitä kaupunkien välilläGrönlanti
93%
On saariMolemmat
90%
Siellä on yli 20 aktiivista tulivuortaIslanti
88%
Sen lipussa on punaista, valkoista ja sinistäIslanti
87%
Siellä elää jääkarhujaGrönlanti
83%
Sen alueella on jäätiköitäMolemmat
83%
Ydinaseistettu B-52-pommikone syöksyi maahan vuonna 1968 tässä maassaGrönlanti
73%
Sen tärkein vientituote on kalaMolemmat
64%
Sana "kajakki" on alun perin lähtöisin tämän maan kielestäGrönlanti
61%
On Yhdistyneiden kansakuntien jäsenIslanti
58%
Suurin osa sen alueista sijaitsee pohjoisen napapiirin pohjoispuolellaGrönlanti
55%
Oli asumaton ennen viikinkien saapumistaIslanti
36%

Tulosjakauma

Persentiili vastausten määrän mukaan

Jokaisen tuloksen saaneiden osuus

Tuloshistoriasi

Et ole pelannut tätä visaa